000 00587cam a2200229 a 4500
001 478600
005 20180109040214.0
008 840222s1984 mouaf b 001 0 eng
010 _a 84004708
020 _a0801624053
040 _aDLC
_cDLC
_dDLC
041 _aeng
060 _aWW 260 J23c
080 _a617.7
082 0 0 _a617.7 JAF
_219
100 1 _a5
101 _aKIR
245 1 0 _aCataract surgery and its complications /
_cNorman S. Jaffe.
504 _aIncludes bibliographies and index.
906 _a7
_bcbc
_corignew
_d1
_eocip
_f19
_gy-gencatlg
942 _2ddc
_cBK
999 _c39854
_d39854